000 00327 a2200133 4500
001 156885
040 _cEscola São Tomás de Aquino
100 _aFRANÇA, Mary
240 1 0 _aCalor e frio, frutos e flores!
_lpor
245 1 0 _aCalor e frio, frutos e flores!
362 0 _a2002
697 _a*LITERATURA INFANTIL
942 _cBK
999 _c156885
_d156885